00357nam a22001577a 4500003000700000005001700007008004100024082001700065100001700082245002200099250001100121260003400132300000800166490002000174650000500194MPLRDC20220104123651.0210129b ||||| |||| 00| 0 eng d a411.14 AJJN  a林思宏译 a健身沐浴法c a初版 ab世界文物出版社c1979 b平 a实用丛书;16 a